La ruta prohibida y otros enigmas de la historia / (Record no. 188848)

MARC details
000 -LEADER
campo de control de longitud fija 00927nam a2200253 i 4500
001 - NÚMERO DE CONTROL
campo de control 188848
003 - IDENTIFICADOR DE NÚMERO DE CONTROL
campo de control SpMaBN
005 - FECHA Y HORA DE LA ÚLTIMA TRANSACCIÓN
campo de control 20240102121909.0
008 - DATOS DE LONGITUD FIJA--INFORMACIÓN GENERAL
campo de control de longitud fija 190219s2007 sp af |||| | spa d
020 ## - NÚMERO INTERNACIONAL ESTÁNDAR DEL LIBRO
Número Internacional Estándar del Libro 978-84-672-2695-9
080 ## - NÚMERO DE LA CLASIFICACIÓN DECIMAL UNIVERSAL
Número de la Clasificación Decimal Universal 94(100)(089.3)
100 1# - ENTRADA PRINCIPAL--NOMBRE DE PERSONA
Nombre de persona Sierra, Javier (
Fechas asociadas al nombre 1971-)
9 (RLIN) 147835
245 13 - MENCIÓN DEL TÍTULO
Título La ruta prohibida y otros enigmas de la historia /
Mención de responsabilidad, etc. Javier Sierra.
260 ## - PUBLICACIÓN, DISTRIBUCIÓN, ETC.
Lugar de publicación, distribución, etc. Barcelona :
Nombre del editor, distribuidor, etc. Círculo de Lectores,
Fecha de publicación, distribución, etc. [2007]
300 ## - DESCRIPCIÓN FÍSICA
Extensión 325 p., [16] p. de lám. col. :
Otras características físicas il. ;
Dimensiones 23 cm.
500 ## - NOTA GENERAL
Nota general Índice onomástico.
504 ## - NOTA DE BIBLIOGRAFÍA, ETC.
Nota de bibliografía, etc. Referencias bibliográficas.
650 #7 - PUNTO DE ACCESO ADICIONAL DE MATERIA--TÉRMINO DE MATERIA
Término de materia o nombre geográfico como elemento de entrada Historia universal-
Subdivisión de forma Curiosidades.
9 (RLIN) 13431
852 ## - LOCALIZACIÓN
Ubicación ES-MaACL
Número de control de estantería A-14362
Nota libre Encuadernación en cartoné
itemnumber 195982
Sublocalización o colección R.151542
Ubicación en estantería Depósito 1
Signatura antigua Olim: N-7362
Donativo/Legado Donación: Javier sierra
903 ## - NOMBRE PERSONAL DE DONANTE
9 147835
a Sierra, Javier (
d 1971-)
e Donante
942 ## - ELEMENTOS DE ENTRADA SECUNDARIOS (KOHA)
Fuente del sistema de clasificación o colocación Clasificación decimal universal
Tipo de ítem Koha Libro impreso
Holdings
Estatus retirado Estado de pérdida Fuente del sistema de clasificación o colocación Estado de daño No para préstamo Biblioteca de origen Biblioteca actual Ubicación en estantería Fecha de adquisición Fuente de adquisición Total de préstamos Signatura topográfica completa Código de barras Visto por última vez Precio de reemplazo Tipo de ítem Koha
    Clasificación decimal universal     Biblioteca del Ateneo de Madrid Biblioteca del Ateneo de Madrid Depósito 1 19/02/2019 Donación   A-14362 1199984 23/02/2023 23/02/2023 Libro impreso